00527nam a22001577a 4500003000200000005001700002008004100019020002200060050002200082100002500104245008500129260006100214300002900275504005200304650001300356020231228094520.0231228b xxu||||| |||| 00| 0 eng d a978-621-409-132-4 aR 724 b.P33 2019 aPadilla, Reynaldo A. aEthics : a textbook for the new general educaton curriculumcReynaldo A. Padilla aMandaluyong CitybBooks Atbp. Publishing Corp. cc2019. axii, 184 pages ;c22cm.  aIncludes bibliographical references and index.  aEthics.